Catalog

Record Details

Catalog Search



Kit saves the day! #5: a summer story, 1934/ by ... Read More

Rane, Walter.(Added Author). McAliley, Susan.(Added Author).

Available copies

  • 3 of 3 copies available at LARL/NWRL Consortium.

Current holds

0 current holds with 3 total copies.

Show All Copies
Location Call Number / Copy Notes Barcode Shelving Location Status Due Date
Red Lake Falls Public Library j TRI (Text) 35500003988787 Main Available -
Warroad Public Library j TRI (Text) 35500003869896 Main Available -
Warroad Public Library j TRI (Text) 35500006219834 Main Available -

Record details

  • ISBN: 1584850256
  • ISBN: 1584850248 (pbk.)
  • ISBN: 9781584850243
  • Physical Description: 70 p. : col. ill. ; 22 cm.
  • Publisher: Middleton, WI : Pleasant Company Publications, 2001.

Content descriptions

Summary, etc.:
Tired of doing chores and longing for adventure ... Read More
Subject: Depressions > 1929 > Juvenile fiction.
Tramps > Juvenile fiction.
LDR 01695cam a2200361Ia 4500
00135415
003LARL_NWRL_CONSORTIUM
00520191001141539.0
008010117s2001 wiu c 000 1 eng
020 . ‡a1584850256
020 . ‡a1584850248 (pbk.)
020 . ‡a9781584850243
035 . ‡a(OCoLC)45957942
08200. ‡a[Fic] ‡221
099 . ‡aTri
1001 . ‡aTripp, Valerie, ‡d1951- ‡0(LARL_NWRL_CONSORTIUM)86594
24510. ‡aKit saves the day! ‡n#5: ‡ba summer story, 1934/ ‡cby Valerie Tripp ; illustrations, Walter Rane ; vignettes, Susan McAliley.
260 . ‡aMiddleton, WI : ‡bPleasant Company Publications, ‡c2001.
300 . ‡a70 p. : ‡bcol. ill. ; ‡c22 cm.
4900 . ‡aAmerican Girl Kit ; ‡v5
520 . ‡aTired of doing chores and longing for adventure during the Great Depression, Kit meets a hobo and decides to hop a freight train.
650 0. ‡aDepressions ‡y1929 ‡vJuvenile fiction. ‡0(LARL_NWRL_CONSORTIUM)164580
650 0. ‡aTramps ‡vJuvenile fiction.
7001 . ‡aRane, Walter. ‡0(LARL_NWRL_CONSORTIUM)71193
7001 . ‡aMcAliley, Susan. ‡0(LARL_NWRL_CONSORTIUM)122016
901 . ‡a35415 ‡bOCLC ‡c35415 ‡tbiblio

Additional Resources